Missing Letters Capitals Adventure II Quiz Stats

 Plays Quiz Updated Jul 23, 2017

Support Sporcle.
Go Orange.
Score 0/34 Timer 04:00
3 Plays Today
Hint Answer % Correct
Kuwait: K__ait CityUW
98.6%
Portugal: Lisb__ON
93.6%
Norway: Os__LO
92.8%
North Korea: P__ngyangYO
92.3%
Haiti: Port-au-Prin__CE
92.2%
Japan: Tok__YO
91.7%
Germany: Berl__IN
91.3%
Turkey: A__araNK
91%
Serbia: Belg__deRA
89.8%
Uruguay: Mo__evideoNT
88.4%
Iceland: __ykjavikRE
88.4%
Malaysia: K__la LumpurUA
88.2%
Dominican Republic: Santo Dom___oING
86.2%
Ecuador: Qu__oIT
85.5%
Slovakia: Br___slavaATI
83.6%
Estonia: Talli__NN
78.5%
Uganda: Kampa__LA
77.9%
Hint Answer % Correct
Oman: ___catMUS
76.8%
Cyprus: Nico___SIA
76.3%
Georgia: __ilisiTB
76%
Malta: V___ettaALL
73.7%
Liechtenstein: V__uzAD
72.4%
Albania: __ranaTI
71.2%
Armenia: Y___vanERE
71%
Andorra: Andorra la __llaVE
69.2%
Dem. Rep. of the Congo: Ki__hasaNS
68.6%
Namibia: W___hoekIND
68.5%
Slovenia: Lj___janaUBL
65.6%
Nigeria: A__jaBU
65.1%
Honduras: __gucigalpaTE
64.4%
Bhutan: ___mphuTHI
64.3%
Dominica: Ros__uEA
63.6%
Malawi: Lilong__WE
57.1%
What is the 34th and final country of your journey?Ireland
54.7%

You're not logged in!

Compare scores with friends on all Sporcle quizzes.
OR
Log In
Forgot?

From the Vault

Hidden Capital Cities

by brocko

This quiz is like playing peek-a-boo with an incredibly tricky map.
Remove Ads.
Support Sporcle.
Get the best of Sporcle when you Go Orange. This ad-free experience offers more features, more stats, and more fun while also helping to support Sporcle. Thank you for becoming a member.

Show Comments

Extras

Top Quizzes Today


Score Distribution

Your Account Isn't Verified!

In order to create a playlist on Sporcle, you need to verify the email address you used during registration. Go to your Sporcle Settings to finish the process.

Report this User

Report this user for behavior that violates our Community Guidelines.

Details: